[Event "18th Reykjavik op"]
[Site "Reykjavik ISL"]
[Date "1998.03.14"]
[Round "5.29"]
[White "Thorfinnsson, Bjoern"]
[Black "Halldorsson, Jon Arni"]
[Result "1/2-1/2"]
[WhiteElo "2100"]
[BlackElo "2185"]
[EventDate "1998.03.10"]
[PlyCount "94"]

1.d4 d5 2.Bg5 h6 3.Bh4 c6 4.e3 Qb6 5.b3 e5 6.Nf3 e4 7.Ne5 Ne7 8.Be2 Nf5 9.
Bg4 Na6 10.Bxf5 Bxf5 11.Qh5 g6 12.Qe2 Bg7 13.g4 Be6 14.f3 c5 15.c3 cxd4 
16.exd4 exf3 17.Qxf3 O-O 18.Bf6 Bxf6 19.Qxf6 Qd8 20.Qxd8 Raxd8 21.h3 Kg7 
22.O-O f6 23.Nd3 g5 24.Nd2 Bf7 25.Rf3 Bg6 26.Re1 Rde8 27.Rfe3 Kf7 28.Rxe8 
Rxe8 29.Rxe8 Kxe8 30.Nc5 Nxc5 31.dxc5 Kd7 32.b4 b6 33.cxb6 axb6 34.Nf3 h5 
35.a4 hxg4 36.hxg4 Bc2 37.a5 bxa5 38.bxa5 Bd1 39.Kf2 Kc6 40.Nd4+ Kb7 41.
Kg3 Ka6 42.Nc6 Kb5 43.Ne7 Bb3 44.Kf2 Kxa5 45.Ke3 Bd1 46.Nxd5 Bxg4 47.Nxf6 
Be6 1/2-1/2

[Event "18th Reykjavik op"]
[Site "Reykjavik ISL"]
[Date "1998.03.14"]
[Round "5.30"]
[White "Olafsson, Thorvardur"]
[Black "Wiese, Hans Joachim"]
[Result "1/2-1/2"]
[WhiteElo "2015"]
[BlackElo "2165"]
[EventDate "1998.03.10"]
[PlyCount "100"]

1.e4 e5 2.Nf3 Nf6 3.Nxe5 d6 4.Nf3 Nxe4 5.Nc3 Nxc3 6.dxc3 Be7 7.Bd3 Nd7 8.
Be3 c6 9.Qe2 Nf6 10.O-O-O O-O 11.Ng5 b5 12.Bd4 g6 13.Rde1 Nd5 14.Nxh7 Nf4 
15.Qxe7 Qxe7 16.Rxe7 Nxd3+ 17.cxd3 Kxh7 18.Bxa7 c5 19.a3 Be6 20.Re1 Kh6 
21.d4 b4 22.dxc5 bxa3 23.bxa3 Rfc8 24.Kb2 Rc6 25.cxd6 Rxd6 26.Be3+ g5 27.
Rb7 Kg6 28.Rb5 g4 29.Rb4 Rda6 30.Ra1 Rh8 31.c4 Rxh2 32.g3 Rh5 33.Kc3 Rha5 
34.a4 Bd7 35.Rb6+ Rxb6 36.Bxb6 Rxa4 37.Rxa4 Bxa4 38.Kb4 Bd1 39.Kc5 Bb3 40.
Kd5 Kf6 41.Bd8+ Kf5 42.Be7 Ba2 43.Bd8 Bb3 44.Kc5 Ke6 45.Kb5 Kd7 46.Bf6 Kc7
47.c5 Bd1 48.c6 Bf3 49.Be5+ Kc8 50.Kc5 f5 1/2-1/2

[Event "18th Reykjavik op"]
[Site "Reykjavik ISL"]
[Date "1998.03.14"]
[Round "5.32"]
[White "Petermann, Hubert"]
[Black "Schubert, Hans Joachim"]
[Result "1-0"]
[WhiteElo "2125"]
[BlackElo "2070"]
[EventDate "1998.03.10"]
[PlyCount "89"]

1.e4 e5 2.Nf3 Nc6 3.Bb5 a6 4.Ba4 d6 5.O-O Bd7 6.c3 g6 7.d4 Bg7 8.Bg5 f6 9.
Be3 Nh6 10.dxe5 dxe5 11.h3 Nf7 12.Bb3 O-O 13.Bc5 Re8 14.Bd5 Qc8 15.Na3 Nd8
16.Nc4 Nc6 17.Qb3 Be6 18.Ne3 Bf8 19.Bxf8 Kxf8 20.Rad1 Kg7 21.c4 Nd6 22.Rd2
Bxd5 23.exd5 Ne7 24.c5 Ne4 25.Rc2 Rb8 26.Qd3 Ng5 27.Nxg5 fxg5 28.d6 Rd8 
29.Rd1 cxd6 30.cxd6 Nc6 31.Qd5 Qd7 32.Nc4 Qf5 33.Re2 g4 34.Nxe5 gxh3 35.
Nxc6 Qxd5 36.Rxd5 bxc6 37.Rdd2 hxg2 38.Re7+ Kf6 39.Rxh7 Rb5 40.Ra7 Ra5 41.
a3 Rg5 42.d7 a5 43.f3 Rg3 44.Rxa5 Rxf3 45.Rc5 1-0

[Event "18th Reykjavik op"]
[Site "Reykjavik ISL"]
[Date "1998.03.15"]
[Round "6.1"]
[White "Christiansen, Larry"]
[Black "Gallagher, Joseph"]
[Result "1-0"]
[WhiteElo "2575"]
[BlackElo "2490"]
[EventDate "1998.03.10"]
[PlyCount "119"]

1.d4 Nf6 2.c4 g6 3.Nc3 Bg7 4.e4 d6 5.h3 Nbd7 6.Bd3 O-O 7.Bg5 e5 8.d5 c6 9.
Nge2 Nc5 10.Bc2 cxd5 11.exd5 Qb6 12.b3 Bd7 13.Rb1 a5 14.O-O Qa6 15.a4 Nh5 
16.Nb5 Bxb5 17.axb5 Qb6 18.g4 Nf4 19.Nxf4 exf4 20.Bxf4 Rfe8 21.Qd2 Nd7 22.
Kg2 Qc7 23.Rfe1 b6 24.Bg3 Qc5 25.Rbd1 Be5 26.f4 Bg7 27.f5 Be5 28.Bf2 Qb4 
29.Qd3 Qc3 30.h4 Qxd3 31.Bxd3 Bc3 32.Rxe8+ Rxe8 33.g5 Kg7 34.Rc1 Be5 35.
f6+ Kg8 36.Rc2 Nc5 37.Bf1 h5 38.Ra2 Bc3 39.Bxc5 dxc5 40.d6 Rd8 41.Re2 Kf8 
42.Re7 Rxd6 43.Rb7 Ke8 44.Kf3 Bd2 45.Bh3 Rd3+ 46.Kg2 Bf4 47.Bc8 Rxb3 48.
Bd7+ Kd8 49.Bc6 Bc7 50.Ra7 Kc8 51.Bd5 Rg3+ 52.Kf2 Rg4 53.Bxf7 Kb8 54.Ra6 
Rxh4 55.Bxg6 Rf4+ 56.Ke3 Rf1 57.Be4 Kc8 58.g6 Be5 59.g7 Rg1 60.Ra8+ 1-0

[Event "18th Reykjavik op"]
[Site "Reykjavik ISL"]
[Date "1998.03.15"]
[Round "6.3"]
[White "Miles, Richard"]
[Black "Olafsson, Helgi"]
[Result "1/2-1/2"]
[WhiteElo "2595"]
[BlackElo "2505"]
[EventDate "1998.03.10"]
[PlyCount "63"]

1.d4 Nf6 2.Bg5 Ne4 3.Bf4 c5 4.f3 Qa5+ 5.c3 Nf6 6.Nd2 cxd4 7.Nb3 Qb6 ( 7...
Qd8 $5 8.cxd4 d5 9.Rc1 Nc6 10.e3 e6 11.Bd3 ( 11.Bb5 $5 $14 ) 11...Bb4+ 12.
Kf2 O-O 13.Ne2 Re8 14.Bb5 Qb6 15.Bxc6 bxc6 16.Qc2 Ba6 17.Qxc6 Bc4 18.Qa4 
a5 19.Nc3 Nh5 20.Bg3 Nxg3 21.hxg3 e5 $1 $40 {Vegh,E-Acs,P/Budapest FS02 
GM/1998/} ) 8.Qxd4 Nc6 ( 8...Qxd4 9.cxd4 d5 10.e3 e6 11.g4 $14 {[%csl 
Gf3,Gg4,Gh4] ii,Salov,V-Akopian,V/Wijk m (2)/1993/} ) 9.Qxb6 axb6 10.Nd4 
$5 {The most ambitious.} ( 10.a3 {Very similar to the game is} 10...d5 ( 
10...e5 $5 11.Be3 d5 12.Bxb6 d4 13.cxd4 Be6 14.d5 ( 14.Nc5 $143 Nd5 $1 15.
Nxe6 fxe6 16.Bc5 Nxd4 17.Bxd4 exd4 18.Rc1 Bd6 19.e4 dxe3 20.Bc4 Be5 21.
Bxd5 exd5 22.Rc2 Ke7 23.Ne2 Rhc8 24.Kd1 Rc6 25.f4 Bf6 26.Rxc6 bxc6 27.Kc2 
Kd6 28.Rd1 c5 29.Rd3 d4 {0-1,Kovacevic,V-Smirin,I/Zagreb zt/1993/} ) ( 14.
dxe5 $2 Nd7 $19 ) 14...Nxd5 15.Bc5 Be7 16.Kf2 f5 17.Bxe7 Kxe7 18.Nc5 f4 
19.g3 Bf7 20.h4 b6 21.Nd3 Bg6 22.gxf4 Bxd3 23.exd3 Nxf4 $44 {
Lesiege,A-Shaked,T/Mermaid Beach Club/1997/} ) 11.Nd4 ( 11.e3 e5 12.Bg3 
Be6 13.Nc1 Bc5 14.Nd3 Bxe3 15.Nxe5 O-O 16.Ne2 Rfe8 17.Nxc6 bxc6 18.Bf4 Bc5
19.Kd2 Bd7 20.Nd4 Nh5 21.Be3 Bd6 22.g3 Rad8 23.Nc2 c5 24.Bd3 f5 25.Bg5 Rc8
26.f4 h6 27.Bh4 g6 28.Be2 Kf7 29.Bxh5 gxh5 30.Ne3 Be6 $15 {[%csl 
Gc5,Gd5,Gd6,Ge6] i,i,Jepson,C-Sandstrom,L/SVE-ch/1997/} ) 11...e5 $5 12.
Nxc6 exf4 13.Nd4 Bd6 14.Kf2 O-O 15.e3 fxe3+ 16.Kxe3 Nd7 17.Bb5 Ne5 18.Kd2 
Nc4+ 19.Kc1 g6 20.Nge2 h5 21.g3 Kg7 22.a4 Be5 23.Kc2 Nd6 24.Bd3 Bd7 25.b3 
Rfe8 26.Kd2 Ra5 27.Rhd1 h4 28.Rh1 Rh8 $132 {Giorgadze,T-Dorfman,J/URS-ch 
sf/1984/} ) ( 10.e4 d5 $10 ) ( 10.Be3 b5 11.Nd4 b4 12.Nb5 Ra4 13.Nc7+ Kd8 
14.Bb6 bxc3 15.Ne6+ {E,Milov,V-Smirin,I/Struga zt/1995/} ) 10...e5 $5 {The
most active and principled continuation. Black takes into account his 
horrible pawn structure, which he tries to compensate by the active i and 
piece play. Other moves are weaker.} ( 10...Nd5 $2 11.Nb5 $1 Ra4 12.Bd2 
Na5 13.O-O-O d6 14.e4 Nf6 15.Kb1 Nc4 16.Bc1 Ne5 17.Be3 Ned7 18.Ne2 g6 19.
Nc7+ Kd8 20.Nb5 Bg7 21.Nc1 Ne8 22.Nd3 e6 23.Nb4 Ke7 24.Be2 f5 25.exf5 gxf5
26.Rhe1 $16 {[%csl Rd6,Re6,Rf5] ,Rausis,I-Ivanov,V/Riga/1993/} ) ( 10...
Nxd4 11.cxd4 e6 12.e4 d5 13.e5 Nd7 14.Bd2 Nb8 15.Bd3 Nc6 16.Ne2 Bd7 17.O-O
Nb4 18.Bxb4 Bxb4 19.f4 f6 20.a3 Be7 21.Rac1 Kd8 22.Rc3 Rc8 23.Rb3 Kc7 24.
Rf3 f5 25.h3 Ba4 26.Rc3+ Kb8 27.Rf1 $14 {[%csl Rb6,Ge5,Gf4] 
ii,b6,Knaak,R-Volke,K/BL 9798/1998/} ) 11.Nxc6 exf4 12.Nd4 g6 $146 ( 12...
d5 13.g3 ( 13.Kf2 $142 $5 {[%cal Ye2e3] ie3} ) 13...Bd6 14.Nb5 Bb8 15.gxf4
Bxf4 16.e3 Bb8 17.Ne2 g5 18.Bg2 O-O 19.a3 Re8 20.Kf2 h5 21.Rad1 h4 22.h3 
Bd7 23.Nbd4 Nh5 $36 24.Rhf1 $2 Bg3+ 25.Nxg3 hxg3+ {
0-1,Profit,B-Littke,A/CAN-op/1994/} ) ( 12...Nd5 13.g3 g5 14.e4 $5 Ne3 15.
Bb5 Bg7 16.Nge2 Kf8 17.Kd2 d5 18.gxf4 Ng2 19.fxg5 h6 20.g6 fxg6 21.exd5 
Ke7 22.Rhg1 Bh3 23.Bd3 Rhd8 24.Bxg6 Rxd5 25.Be4 Rd7 26.f4 Bxd4 27.cxd4 Rg8
28.Rac1 Kf6 29.Rc3 $18 {Soffer,R-Mikhalevski,V/ISR-ch/1994/} ) ( 12...Bc5 
$5 13.g3 Nd5 14.gxf4 Ne3 15.Kd2 Nxf1+ 16.Rxf1 Rxa2 17.Kc2 d6 18.e4 Be6 19.
Nge2 Ke7 20.Ra1 Rha8 21.Rxa2 Rxa2 22.Rd1 g6 23.h4 Ra8 24.h5 Bc4 25.Nc1 $13
{E,Wells,P-Shaked,T/London GM/1997/} ) 13.Nh3 $6 {[%csl Rh3] h3 Misplaces 
the 12, White will have to lose time to relocate it. White should have 
tried to exchange the cramping 12f4 as soon, as possible.} ( 13.g3 $142 $5
Bd6 ( 13...Bc5 14.gxf4 Bxd4 15.cxd4 Nd5 16.Kd2 Nxf4 17.e3 Ne6 18.Rc1 $36 )
14.Nb5 Bb8 15.gxf4 Bxf4 16.e3 Be5 17.Ne2 d5 $132 ) ( 13.Kf2 {[%cal Re2e3] 
ie3} 13...Nd5 $15 ) 13...Bd6 14.Nb5 Be5 15.e3 fxe3 16.Ke2 O-O ( 16...d5 
17.Ng1 ( 17.Kxe3 Bxh3 18.gxh3 O-O-O $36 ) 17...O-O 18.Kxe3 Re8 19.Kd2 {
-16...0-0} ) 17.Kxe3 Re8 18.Kd2 d5 19.Ng1 ( 19.Nf2 Bf4+ 20.Kd1 d4 $1 21.
Nxd4 Nd5 $40 ) 19...Bd7 20.Bd3 d4 $5 ( 20...Ra5 $11 ) 21.Nxd4 Bf4+ 22.Kc2 
Nd5 23.g3 ( 23.Nge2 Ne3+ 24.Kb1 Nxg2 25.Nxf4 Nxf4 $17 {[%csl Rf3,Rh2]} ) 
23...Ne3+ 24.Kb1 $6 ( 24.Kd2 $142 $1 Nc4+ 25.Kc2 Ne3+ $11 ) ( 24.Kb3 $2 
Ba4+ $19 ) 24...Nd1 $1 25.Nge2 $8 ( 25.gxf4 Nf2 $19 ) 25...Nf2 26.Rf1 Nxd3
27.Nxf4 Nxf4 28.gxf4 Ra5 {[%csl Rf3,Rf4,Rh2]} 29.h4 $6 ( 29.b4 Rh5 30.Rf2 
f5 $5 $44 {[%cal Rh5h4] ii h4} ) 29...Rh5 30.Rh1 Rxh4 $1 31.Rxh4 Re1+ 32.
Kc2 ( 32.Kc2 Rxa1 33.a3 Kg7 $15 {[%csl Gd7,Gh7] i/i,ih,id7 The ensuing 
endgame is already in Black's favour, as he has an active i and a 
potentially dangerous passed pawn.} ) 1/2-1/2

[Event "18th Reykjavik op"]
[Site "Reykjavik ISL"]
[Date "1998.03.15"]
[Round "6.5"]
[White "Akesson, Ralf"]
[Black "Agdestein, Simen"]
[Result "1/2-1/2"]
[WhiteElo "2505"]
[BlackElo "2570"]
[EventDate "1998.03.10"]
[PlyCount "99"]

1.c4 e6 2.g3 d5 3.Bg2 g6 {Mit diesem etwas extravaganten Aufbau vermeidet 
Schwarz theoretische Hauptvarianten. Ribli.} 4.Nf3 Bg7 5.O-O Ne7 6.d4 Nbc6
{Es ist nicht so haeufig, da@fig, der Laeufer in Damengambit-Stellungen 
auf g7 steht. Jetzt uebt er positionellen Druck gegen den Punkt d4 aus, 
aber wenn Wei@ , wie in unserer Partie, cxd5 und dann e3 spielt, hat 
Schwarz hat kein gro@rz es Gegenspiel, sondern nur eine feste Stellung.} (
6...O-O 7.Nbd2 Nbc6 8.e3 a5 $6 9.b3 b6 10.Bb2 Bb7 11.a3 Qd7 12.Qc2 f5 13.
Rac1 $14 {Kortschnoj,V-Short,N Skelleftea WCup 1989 CBM/14} ) 7.Qc2 ( 7.
Na3 {Der Springer steht bereit, nach eventuellem 7...dxc4 mit 8.i xc4 
zurueckzuschlagen, aber nach meiner Meinung wirkt er auf a3 ein wenig 
sonderbar.} 7...O-O ( 7...dxc4 8.e3 c3 9.bxc3 e5 10.Nc4 exd4 11.cxd4 O-O 
12.Ba3 Re8 13.Rc1 $14 {E-E Ljubojevic,L-Polgar,Z/Moscow blitz 1993 (41)} )
8.e3 b6 ( 8...a5 9.Qe2 b6 10.b3 Ba6 11.Bb2 Nb4 12.Rfd1 Rc8 13.Nb5 c6 14.
Nc3 c5 15.dxc5 bxc5 16.Na4 Bb7 17.Bxg7 Kxg7 18.Rac1 Na6 19.Qb2+ Kg8 20.Ne5
$36 {Pigusov,E-Rustemov,A/RUS-ch 1996/1-0 (59)} ) 9.Bd2 a5 10.Qb3 Ba6 11.
Rfd1 Qd7 12.Rac1 Rfd8 13.Be1 Rac8 14.Bh3 f5 15.Bf1 Nb8 16.cxd5 exd5 17.Nb5
c6 18.Nc3 Bxf1 19.Kxf1 Qb7 20.Ne2 Qa6 21.Qa3 Bf6 22.Rc2 Kf7 23.Qd3 Qxd3 
24.Rxd3 $13 {Korchnoi,V-Ponomariov,R/Generations, Cannes FRA 1998/1-0 (54)
} ) 7...O-O ( 7...Nxd4 $5 8.Nxd4 Bxd4 9.cxd5 ( 9.Bh6 Nf5 ) ( 9.Rd1 Bg7 ) 
9...exd5 10.Qa4+ Nc6 11.e3 Bg7 12.Rd1 $44 ) 8.Rd1 a5 ( 8...Nf5 9.e3 a5 10.
b3 Bd7 11.Bb2 Nb4 12.Qe2 Nd6 13.Ne5 c6 14.Nc3 f5 15.Na4 Be8 16.f3 Na6 17.
e4 Nc7 18.Ba3 b5 19.cxb5 cxb5 20.Nc5 b4 21.Bb2 Qe7 22.exf5 exf5 23.Re1 f4 
24.Qd2 Qd8 25.g4 {1-0 Szmetan,J-Schweber,S/San Martin 1993 (39)} ) ( 8...
h6 $2 9.e3 Nf5 10.Nc3 dxc4 11.Qe2 Nd6 12.e4 $146 b5 13.e5 b4 14.Na4 Ba6 
15.Nc5 Bb5 16.exd6 cxd6 17.Ne4 d5 18.a4 $1 bxa3 19.Nc3 axb2 20.Bxb2 a6 21.
Qd2 Rb8 22.h4 $16 {Sturua,Z-Efimov,I/Tbilisi 1991/1-0 (60)} ) 9.Nc3 ( 9.a3
b6 10.e3 ( 10.Nc3 $5 Ba6 11.cxd5 exd5 12.Bf4 Nf5 ( 12...Qd7 13.h4 Rad8 14.
e3 Bb7 15.Rac1 Ba8 16.Qb3 Nf5 17.Nb5 Rc8 18.Rd2 $16 {1-0 Sunye 
Neto,J-Slipak,S/Sao Paulo zt 1993 (39)} ) 13.e3 Nce7 14.b4 Bb7 15.Rac1 Qd7
16.g4 axb4 17.Ne2 Bc6 18.Qb1 Nd6 19.Ne5 {E-E Serper,G-Zvjaginsev,V/Moscow7
op 1991} ) 10...Ba6 11.cxd5 exd5 12.Nc3 Bc8 13.b3 Bf5 14.Qd2 Qd7 15.Bb2 
Rfd8 16.Rdc1 Nc8 $2 ( 16...Rac8 $5 ) ( 16...h6 $5 ) 17.Nxd5 $1 Qxd5 18.Ng5
$1 $16 {1-0 Kharitonov,A-Aleksandrov,A/Voskresensk 1993 (32)} ) 9...b6 10.
cxd5 exd5 ( 10...Nxd5 $2 11.Nxd5 ( 11.e4 $2 Ndb4 ( 11...Nxc3 12.bxc3 $16 )
12.Qd2 $13 ( 12.Qb1 Nxd4 $17 ) ) 11...Qxd5 12.Ng5 $18 {[%cal Rg2a8]} ) 11.
Bf4 $14 {Wei@F verfuegt wegen des geschwaechten schwarzen Damenfluegels 
und der halboffenen c-Linie ueber etwas bessere Chancen.} 11...Nb4 {
Schwarz kann mit Tempo seine Springerstellung verbessern. Es ist klar, 
da@, der Springer kann nicht auf c6 bleiben kann, denn Schwarz mu@arz 
wegen der m@ glichen wei@en en Verdoppelung in der c-Linie zu ...c6 bereit
stehen.} 12.Qd2 c6 13.a3 Na6 14.b4 $1 {Wei@n. fuehrt den im Damengambit 
sehr ypischen Minoritaetsangriff durch, dessen Hauptdrohung 15.b5 ist, was
schwarze Schwaechen am Damenfluegel schaffen soll.} 14...axb4 15.axb4 b5 {
[%csl Yc4,Yc5] Es gibt zwei m@i gliche Springervorposten: c5 fuer 
Wei@gervorposten: und c4 fuer Schwarz. Trotzdem steht Wei@ wegen der 
besseren Figurenstellung ueberlegen.} 16.Ra5 Bb7 17.Bh3 {[%csl Gh3]} 17...
Nc8 ( 17...Nxb4 18.Rxa8 Bxa8 ( 18...Qxa8 $2 19.Bd6 $18 {[%cal Rd6b4,Rd6e7]
} ) 19.Nxb5 cxb5 20.Qxb4 $14 {Wei@] hat die bessere Bauernstellung. Der 
b5-Bauer ist schwach.} ) 18.Bxc8 Qxc8 19.Bh6 {Es ist logisch, da@sch, 
Wei@ch, diesen Laeufer tauscht, denn Schwarzen bleibt mit dem schlechten 
Laeufer b7 zurueck, der dem wei@ck, en Springer unterlegen sein sollte.} 
19...f6 ( 19...Bxh6 20.Qxh6 {[%csl Rg8][%cal Rf3g5]} 20...f6 ) 20.Bxg7 
Kxg7 21.Na2 {[%cal Ga2c1,Gc1d3,Gd3c5,Gc1b3,Gb3c5] Der 
wei@,Gc1d3,Gd3c5,Gc1b3,Gb3c5] e Springer strebt nach c5.} 21...Re8 22.Nc1 
Qe6 23.Re1 ( 23.e3 {[%csl Ye4,Yf3,Yh3] Dieser Zug schwaecht die wei@cht en
Felder am K@der nigsfluegel.} ) 23...Qe7 24.Nd3 Nc7 25.Rxa8 Nxa8 {[%cal 
Ga8b6,Gb6c4]} 26.Nc5 Bc8 {Das ist eine typische Damengambit-Stellung. 
Wei@gambit-Stellung. m@@gambit-Stellung. chte mit spaeterem e2-e4 das 
Spiel @iel ffnen und hat die besseren Leichtfiguren. Trotzdem besitzt 
Schwarz eine feste und verteidigungsfaehige Stellung.} 27.h4 h6 28.e4 $1 (
28.h5 $6 g5 {[%csl Rh5]} ) 28...dxe4 29.Rxe4 {[%csl Ra8,Gc5,Rg7]} 29...Qd8
30.Rxe8 Qxe8 31.Qf4 $36 {[%csl Gf4,Rg7][%cal Gf4b8] Die wei@] e Dame steht
aktiv, hat viele M@le glichkeiten einzudringen.} 31...Qd8 32.h5 ( 32.Qb8 
Nc7 ( 32...Nb6 $2 33.Ne6+ $18 {[%cal Gb8d8]} ) ) 32...gxh5 {Schwarz hat 
eine schlechte Bauernstellung, aber einen Mehrbauern und kann die 
wei@auern en Drohungen parieren.} ( 32...g5 33.Qe4 {[%csl Rg6,Rg7]} 33...
f5 34.Qe5+ $16 ) 33.Qe4 ( 33.Nh4 Nc7 34.Nf5+ Bxf5 35.Qxf5 Qxd4 $15 ) 33...
Qd5 34.Qe7+ {Natuerlich tauscht Wei@ht nicht seine wirkungsvolle Dame.} ( 
34.Qxd5 $6 cxd5 $15 ) 34...Qf7 35.Qd8 Qc7 36.Qe8 {[%csl Ge8]} 36...Nb6 {
[%cal Gb6d5]} 37.Nh4 Nd5 {[%csl Gd5] Jetzt ist der frueher so schlechte 
Springer der Stolz der schwarzen Stellung.} 38.Qg6+ Kf8 39.Qxh5 ( 39.Qxh6+
Qg7 40.Qxh5 Nxb4 $13 ) 39...Qg7 40.Nd3 ( 40.Nf5 $6 Qg5 ( 40...Bxf5 $2 41.
Qxf5 $16 {[%csl Re6,Rf8][%cal Rc5e6]} ) 41.Qxg5 ( 41.Qxh6+ Qxh6 42.Nxh6 
Kg7 $19 {[%csl Rh6][%cal Gc8h3]} ) 41...hxg5 {[%csl Rb4][%cal Rd5b4,Rc8f5]
} ) 40...Qg5 41.Qe2 Bf5 $11 {Die Bauernschwaechen sind beidseitig und 
Schwarz entfaltet genuegend Aktivitaet.} 42.Nc5 Qg4 43.Qe1 {[%cal Ge1b4] 
Die einst aktive Dame mu@ den Bauern b4 verteidigen.} 43...h5 44.Qa1 Bc8 (
44...Nxb4 45.Qa3 {[%cal Ga3f8]} 45...Qd1+ 46.Kh2 Qxd4 47.Qa8+ Kf7 48.Qb7+ 
$40 ) 45.Qa5 {[%cal Ra5d8]} 45...Ke8 46.Qa8 Ne7 47.Qa1 Nd5 48.Qe1+ {Wei@] 
kommt nicht voran. Die Stellung ist dynamisch im Gleichgewicht.} 48...Kd8 
49.Qd2 Kc7 50.Kg2 {Und hier wurde Remis gegeben. Ribli.} ( 50.Kg2 Qh3+ 51.
Kg1 ( 51.Kf3 $2 Qh1+ ( 51...Qg4+ 52.Kg2 $11 ) 52.Ke2 Bg4+ 53.f3 Qh2+ $19 )
51...Qg4 $11 ) 1/2-1/2

[Event "18th Reykjavik op"]
[Site "Reykjavik ISL"]
[Date "1998.03.15"]
[Round "6.6"]
[White "Westerinen, Heikki"]
[Black "Gausel, Einar"]
[Result "1-0"]
[WhiteElo "2410"]
[BlackElo "2555"]
[EventDate "1998.03.10"]
[PlyCount "129"]

1.e4 g6 2.d4 Bg7 3.Nf3 d6 4.Be2 Nf6 5.Nc3 O-O 6.O-O a6 ( 6...Nc6 ) ( 6...
c6 ) 7.Re1 ( 7.a4 $5 ) 7...b5 8.e5 Ne8 ( 8...dxe5 9.Nxe5 ( 9.dxe5 Nfd7 10.
e6 ( 10.Qd5 Ra7 ( 10...c6 11.Qe4 Nc5 12.Qh4 $40 ) 11.e6 fxe6 12.Qxe6+ Kh8 
13.Be3 $16 ) 10...fxe6 11.Ng5 Ne5 12.Qxd8 Rxd8 13.Bf4 $146 ) 9...Bb7 10.
Bf3 Qc8 11.Bg5 $36 ) ( 8...Nfd7 9.e6 fxe6 10.Ng5 Nf6 11.Bf3 ) 9.a4 ( 9.
exd6 exd6 ( 9...cxd6 10.a4 b4 11.Nd5 Nc6 12.Bg5 Be6 13.Nf4 $36 ) ( 9...
Nxd6 10.Bf4 Bb7 11.Be5 $14 ) 10.Bg5 $14 ) 9...b4 10.Nd5 Nc6 ( 10...a5 11.
Bg5 f6 12.exf6 exf6 13.Bh4 {ii e7,iic4} ) 11.Bf4 ( 11.Bg5 f6 12.exf6 exf6 
13.Bh4 Be6 14.Nf4 Bf7 ) 11...Bb7 {ii d4,de5} 12.c4 $6 ( 12.Ne3 dxe5 13.
dxe5 $14 {ii c4} ) 12...bxc3 13.Nxc3 ( 13.bxc3 Nxd4 14.Nxe7+ Qxe7 15.cxd4 
Bd5 $132 ) 13...Nb4 14.Rc1 Rb8 ( 14...a5 $5 {ic6,i c7} ) 15.Bc4 e6 ( 15...
a5 16.e6 ) 16.Qe2 ( 16.Bg5 Qd7 17.Bf1 {ii e4i} ) 16...Bxf3 $1 ( 16...d5 
17.Bd3 $1 Nxd3 18.Qxd3 Ba8 19.Nd1 Rb4 20.b3 Qb8 21.Nd2 Qb6 22.Rc5 $16 ) 
17.Qxf3 d5 18.Bf1 c5 $1 19.dxc5 Qa5 20.Qe3 Nc6 21.Qd2 Nc7 ( 21...Qb4 {ii 
d4,i a5i} ) 22.Bh6 Rb4 23.Bxg7 Kxg7 24.Qg5 ( 24.Na2 Rxa4 25.Qxa5 Rxa5 26.
Nc3 Rb8 ) ( 24.Nd1 $15 ) 24...f6 $5 ( 24...Ne8 $5 25.Re3 $2 ( 25.Qd2 Nc7 
$10 ) ( 25.Ne2 h6 ) 25...h6 {id4} ) 25.exf6+ Rxf6 $36 26.Ne2 $1 ( 26.Qd2 
Nd4 ( 26...Rxa4 $1 ) 27.Na2 Rxa4 28.b4 Nf3+ 29.gxf3 Rxa2 30.Qd4 Qa3 $13 ) 
( 26.Rc2 {ii c5-i f6} 26...Nd4 ( 26...Rbf4 ) ) 26...Rxb2 ( 26...Rxa4 27.
Qg3 e5 28.Nc3 $132 ) 27.Nf4 $1 Rf5 28.Qg3 e5 29.Nd3 Rb3 30.f3 ( 30.Rb1 
Qxa4 ) 30...Qxa4 31.Kh1 Qd4 ( 31...Qa3 $4 32.Ra1 ) 32.Rcd1 Qc3 33.Rc1 Qd2 
34.Rcd1 Qg5 $4 ( 34...Qc3 35.Rc1 Qd2 $10 ) 35.Qxg5 Rxg5 36.g4 $1 e4 $8 37.
h4 exd3 38.hxg5 d2 $8 39.Rxd2 Rxf3 40.Bg2 $18 Rc3 41.Bxd5 Rxc5 42.Bxc6 
Rxc6 43.Re7+ Kf8 44.Rxh7 Ne6 45.Ra7 Ke8 46.Rdd7 Nxg5 47.Re7+ Kf8 48.Reb7 
Re6 49.Ra8+ Re8 50.Rxa6 Ne6 ( 50...Re6 51.Rxe6 Nxe6 $18 52.Kg2 ) 51.Kh2 
Kg8 52.Kg3 Kh8 53.Raa7 Nf8 ( 53...Ng5 54.Rb6 Ne6 55.Kh4 ) ( 53...g5 54.Re7
) 54.Kh4 Rd8 55.Kg5 Kg8 56.Kh6 Kh8 57.Rf7 Kg8 58.Rf6 g5 ( 58...Rc8 59.Rg7+
Kh8 60.Rgf7 Kg8 61.Rxf8+ ) 59.Rb6 Rc8 60.Kxg5 Rd8 61.Kh6 Rc8 62.Rf6 Re8 
63.Rg7+ Kh8 64.Rgf7 Ne6 65.Rh7+ ( 65.Rh7+ Kg8 66.Rg6+ Kf8 67.Rh8+ Kf7 68.
Rxe8 $18 ) 1-0

[Event "18th Reykjavik op"]
[Site "Reykjavik ISL"]
[Date "1998.03.15"]
[Round "6.7"]
[White "Stefansson, Hannes Hlifar"]
[Black "Hall, Jesper"]
[Result "1/2-1/2"]
[WhiteElo "2540"]
[BlackElo "2460"]
[EventDate "1998.03.10"]
[PlyCount "66"]

1.e4 c5 2.Nf3 Nc6 3.d4 cxd4 4.Nxd4 e6 5.Nc3 d6 6.Be2 Nf6 7.O-O Be7 8.Be3 
O-O 9.f4 Qc7 10.Kh1 Nxd4 11.Qxd4 a6 12.a4 Bd7 13.Qd3 Bc6 14.Bd4 Nd7 15.f5 
Bf6 16.fxe6 fxe6 17.Bg4 Rfe8 18.Ne2 Ne5 19.Bxe5 dxe5 20.Ng3 Qe7 21.Qb3 
Rad8 22.Rad1 Rxd1 23.Rxd1 g6 24.Be2 Kg7 25.Qc4 Rd8 26.Rd3 Rxd3 27.Bxd3 Qd7
28.b3 Qd6 29.Ne2 Bd8 30.Qc3 Bb6 31.Qe1 Qc5 32.Ng1 Qf8 33.g3 Qf6 1/2-1/2

[Event "18th Reykjavik op"]
[Site "Reykjavik ISL"]
[Date "1998.03.15"]
[Round "6.8"]
[White "Thorhallsson, Throestur"]
[Black "Rausis, Igors"]
[Result "1/2-1/2"]
[WhiteElo "2480"]
[BlackElo "2520"]
[EventDate "1998.03.10"]
[PlyCount "33"]

1.e4 c6 2.d4 d5 3.exd5 cxd5 4.Bd3 Nc6 5.c3 Qc7 6.Bg5 Nf6 7.Nd2 Bg4 8.Ngf3 
e6 9.O-O Bd6 10.Qa4 Bh5 11.Rfe1 Bg6 12.Bb5 O-O 13.Bxf6 gxf6 14.Bf1 a6 15.
Rac1 b5 16.Qd1 Na5 17.g3 1/2-1/2

[Event "18th Reykjavik op"]
[Site "Reykjavik ISL"]
[Date "1998.03.15"]
[Round "6.9"]
[White "Davies, Nigel"]
[Black "Van der Weide, Karel"]
[Result "1/2-1/2"]
[WhiteElo "2515"]
[BlackElo "2450"]
[EventDate "1998.03.10"]
[PlyCount "37"]

1.d4 Nf6 2.Bg5 d5 3.e3 c6 4.Nd2 Nbd7 5.f4 Ne4 6.Nxe4 dxe4 7.Qd2 h6 8.Bh4 
g5 9.fxg5 e6 10.g4 hxg5 11.Bg3 Nf6 12.Bg2 Bd6 13.Bxd6 Qxd6 14.h3 Qg3+ 15.
Qf2 Qxf2+ 16.Kxf2 b6 17.Ne2 c5 18.dxc5 bxc5 19.Nc3 1/2-1/2

[Event "18th Reykjavik op"]
[Site "Reykjavik ISL"]
[Date "1998.03.15"]
[Round "6.10"]
[White "Kindermann, Stefan"]
[Black "Hillarp Persson, Tiger"]
[Result "0-1"]
[WhiteElo "2565"]
[BlackElo "2410"]
[EventDate "1998.03.10"]
[PlyCount "128"]

1.e4 c5 2.Nf3 e6 3.d4 cxd4 4.Nxd4 Qb6 5.Nb3 Qc7 6.Nc3 a6 7.Bd3 Nf6 ( 7...
b5 8.a3 Bb7 9.f4 d6 10.O-O Nd7 11.Kh1 Ngf6 12.Qe1 Be7 13.Be3 O-O 14.Rd1 
Rfe8 15.Qg3 Bf8 16.Bd4 e5 17.fxe5 dxe5 18.Be3 Rac8 {
Dubiel,J-Kveinys,A/Cappelle op 1994/TD 94\02/0-1 (46)} ) 8.O-O d6 9.f4 b6 
( 9...Nbd7 10.Qf3 b6 11.Bd2 Bb7 12.Rae1 g6 13.Qh3 Bg7 14.Nd4 O-O 15.Nf3 
Qc5+ 16.Kh1 Qh5 17.Qg3 Rac8 18.Ng5 Rc5 19.Be2 {1-0 Hector,J-Hillarp 
Persson,T/Hellir 1997/EXP 62 (31)} ) 10.e5 Nfd7 11.exd6 Bxd6 12.Ne4 Be7 
13.Qf3 Nc6 14.Bd2 O-O 15.Qh5 h6 16.Bc3 f5 17.Bxg7 $5 Kxg7 18.Rf3 Rf7 19.
Rg3+ Kf8 20.Qxh6+ Ke8 21.Ng5 Bxg5 22.fxg5 Nf8 23.g6 Rg7 24.Re1 e5 25.Qh5 
Ne7 26.Rge3 e4 {} 27.Bxe4 fxe4 28.Rxe4 Kd8 29.Rd1+ $4 ( 29.Qh8 $1 Rg8 30.
Qd4+ $16 ) ( 29.Qh6 $18 ) ( 29.Qf3 $14 ) 29...Bd7 30.Qh8 ( 30.Qf3 $142 ) 
30...Rg8 31.Qf6 Nxg6 32.Nd4 Kc8 33.Ne6 Qc6 ( 33...Qxc2 ) 34.Rde1 Bxe6 ( 
34...Qxc2 ) 35.Rxe6 Qc5+ 36.Kh1 Ra7 37.Rxb6 Rc7 ( 37...Qd5 $142 ) 38.Rxa6 
Kb7 ( 38...Qd5 $142 ) 39.Ra3 Rf8 $4 ( 39...Rc6 $142 $15 ) 40.Rb3+ $4 ( 40.
Qa6+ $142 Kb8 41.Qa8# ) 40...Ka8 $17 41.Qa6+ Ra7 42.Qe2 Rxa2 43.Rd1 Ra4 
44.h3 Nc6 45.Rc3 Qe5 46.Re3 Qb8 47.Re4 Rxe4 48.Qxe4 Ne7 49.Qa4+ Qa7 50.
Qxa7+ Kxa7 51.Rd2 Kb6 52.Kh2 Kc5 53.c3 Nd5 54.Re2 Kd6 55.Kg1 Ne5 56.Rd2 
Ke6 57.Re2 Ra8 58.Kh2 Kf5 59.Rf2+ Ke4 60.Rd2 Nd3 61.Re2+ Ne3 62.Kg3 Rg8+ 
63.Kh2 Nf4 64.Rf2 Nexg2 0-1